| 000 | 00748nam a2200229Ii 4500 | ||
|---|---|---|---|
| 003 | JO-AjNU | ||
| 008 | 230605s9999||||xx |||||||||||||| ||und|| | ||
| 017 | _a2008/1502 | ||
| 020 | _a977-241-925-4 | ||
| 040 |
_aJO-AjNU _bara _erda _cJO-AjNU |
||
| 041 | _aara | ||
| 050 | 1 | 4 | _aPJ7561.Z392 2008 |
| 100 | 3 |
_aزايد،علي عشري, _eauthor _911278 |
|
| 245 | 0 | 0 | _aعن بناء القصيدة العربية الحديثة |
| 250 | _aط1 | ||
| 264 | 3 | 1 | _aالقاهرة:مكتبة الآداب،2008 |
| 300 | _a239ص | ||
| 336 |
_atext _btxt _2rdacontent |
||
| 337 |
_aunmediated _bn _2rdamedia |
||
| 338 |
_avolume _bnc _2rdacarrier |
||
| 650 | 4 |
_aالشعر العربي-تاريخ ونقد-القصيدة العرية الحديثة _911279 |
|
| 999 |
_aA2241 _c5809 _d5809 |
||